Statistics for Top 10 NBA Centers Of All Time

Click here to take the quiz!

General Stats

  • This quiz has been taken 2,727 times
  • The average score is 7 of 10

Answer Stats

RankPlayer% Correct
5Shaquille O'Neal
95%
1Kareem Abdul-Jabbar
94%
3Wilt Chamberlain
90%
2Bill Russell
85%
4Hakeem Olajuwon
85%
7David Robinson
64%
8Patrick Ewing
50%
6Moses Malone
42%
9Bill Walton
32%
10George Mikan
28%

Score Distribution

Percentile by Number Answered

Percent of People with Each Score

Your Score History

You have not taken this quiz